ბათუმის შოთა რუსთაველის სახელმწიფო უნივერსიტეტის ბიბლიოთეკა

Cours de Francais. ფრანგული ენის სახელმძღვანელო / (ბიბ.ჩანაწერი № 37651)

000 -ლიდერი
ფიქსირებული სიგრძის საკონტროლო ველი 00976nam a2200229Ia 4500
001 - საკონტროლო ნომერი
საკონტროლო ველი 3623
003 - საკონტროლო ნომრის იდენტიფიკატორი
საკონტროლო ველი GE_BSU
005 - ბოლო ოპერაციის თარიღი და დრო
საკონტროლო ველი 20190531191837.0
008 - ფიქსირებული სიგრძის მონაცემთა ელემენტები - ზოგადი ინფორმაცია
ფიქსირებული სიგრძის საკონტროლო ველი 181216s1961||||ge |||||||||||||| ||geo||
040 ## - კატალოგიზაციის წყარო
Transcribing agency GE_BSU
041 ## - ენის კოდი
Language code of text/sound track or separate title geo
080 ## - უნივერსალური ათობითი კლასიფიკაციის ინდექსი
Universal Decimal Classification number 811.133.1(075.8) ქ–17
100 ## - მთავარი ჩანაწერი - პიროვნების სახელი
Personal name ქადეიშვილი,ნ.
9 (RLIN) 1917
245 ## - ცნობა სათაურის შესახებ
Title Cours de Francais. ფრანგული ენის სახელმძღვანელო /
Statement of responsibility, etc ნ. ქადეიშვილი ; ტ. დობროვსკაია ; თ. ნიჟარაძე ; რედ : მ. ხუხუნი.
264 ## - წარმოების, გამოცემის, დისტრიბუციის და სხვა ცნობები
გამოცემის, წარმოების, დისტრიბუციის... ადგილი თბილისი :
გამოცემის, წარმოების, დისტრიბუციის... სახელწოდება უნ–ტის გამ–ბა,
გამოცემის, წარმოების, დისტრიბუციის... თარიღი 1961.
300 ## - ფიზიკური აღწერა
Extent 456 გვ .:
Dimensions 22 სმ.
653 ## - INDEX TERM--UNCONTROLLED
Uncontrolled term ფრანგული ენა
700 ## - ADDED ENTRY--PERSONAL NAME
Personal name დობროვსკაია, ტ
9 (RLIN) 1918
700 ## - ADDED ENTRY--PERSONAL NAME
Personal name ნიჟარაძე, თ
9 (RLIN) 1919
700 ## - ADDED ENTRY--PERSONAL NAME
Personal name ხუხუნი, ი
Relator term რედაქტორი
9 (RLIN) 1920
942 ## - ADDED ENTRY ELEMENTS (KOHA)
Koha item type წიგნი
Source of classification or shelving scheme
ეგზემპლარები
ჩამოწერის სტატუსი დაკარგული ეგზემპლარის სტატუსი კლასიფიკაციის წყარო ან თაროზე გაწყობის სქემა დაზიანების სტატუსი არ გაიცემა მუდმივი მდებარეობა (დაცვის ადგილი) ამჟამინდელი ადგილსამყოფელი თაროზე განთავსების ადგილი შეძენის თარიღი ღირებულება, შესყიდვის ნორმალური ფასი სრული შენახვის შიფრი შტრიხკოდი ბოლო ოპერაციის თარიღი ეგზემპლარის მიმდევრობითი ნომერი (კეტერი?) ფასის ძალაში შესვლის თარიღი ეგზემპლარის სახეობა საჯარო შენიშვნა
          ტექნოლოგიური ფაკულტეტის ბიბლიოთეკა ტექნოლოგიური ფაკულტეტის ბიბლიოთეკა წიგნსაცავი 2018-12-17 2.00 811.133.1(075.8) ქ–17 9944 2018-12-17 9944 2018-12-17 წიგნი 2 ლ. 20 თ.
          ტექნოლოგიური ფაკულტეტის ბიბლიოთეკა ტექნოლოგიური ფაკულტეტის ბიბლიოთეკა წიგნსაცავი 2019-05-31 2.00 811.133.1(075.8) ქ–17 9945 2019-05-31 9945 2019-05-31 წიგნი 2 ლ. 20 თ.
          ტექნოლოგიური ფაკულტეტის ბიბლიოთეკა ტექნოლოგიური ფაკულტეტის ბიბლიოთეკა წიგნსაცავი 2019-05-31 2.00 811.133.1(075.8) ქ–17 9946 2019-05-31 9946 2019-05-31 წიგნი 2 ლ. 20 თ.